A short tour of quantity surveying (Record no. 117214)
[ view plain ]
| 000 -LEADER | |
|---|---|
| fixed length control field | 01083cam a2200217 4500 |
| 001 - CONTROL NUMBER | |
| control field | ABS67768 |
| 008 - FIXED-LENGTH DATA ELEMENTS--GENERAL INFORMATION | |
| fixed length control field | 040419n2004 000 0 eng u |
| 035 ## - SYSTEM CONTROL NUMBER | |
| System control number | (Sirsi) u125879 |
| 100 ## - MAIN ENTRY--PERSONAL NAME | |
| Personal name | Wong, K. |
| 245 #2 - TITLE STATEMENT | |
| Title | A short tour of quantity surveying |
| 260 ## - PUBLICATION, DISTRIBUTION, ETC. | |
| Date of publication, distribution, etc. | 2004 |
| 490 ## - SERIES STATEMENT | |
| Series statement | Civil Engineering Surveyor |
| Volume/sequential designation | April 2004, 40-41(2) |
| 520 ## - SUMMARY, ETC. | |
| Summary, etc. | Briefly describes a history of quantity surveying, from the recording of payments to workmen and contractors on clay tablets, dated pre-331 BC to present day. Suggests the construction industry has changed drastically in the last 140 years, when quantity surveying was founded in England. Lists key areas of expertise which quantity surveyors have developed. Concludes that globalisation and the development of a tighter knit world community have led to the adoption of quantity surveying as a profession in countries other than Britain. |
| 590 ## - LOCAL NOTE (RLIN) | |
| Local note | ABS |
| 590 ## - LOCAL NOTE (RLIN) | |
| Local note | ABS |
| 650 ## - SUBJECT ADDED ENTRY--TOPICAL TERM | |
| Topical term or geographic name entry element | GLOBALISATION |
| 650 ## - SUBJECT ADDED ENTRY--TOPICAL TERM | |
| Topical term or geographic name entry element | BUILDING CONTRACTORS |
| 650 ## - SUBJECT ADDED ENTRY--TOPICAL TERM | |
| Topical term or geographic name entry element | HISTORY OF SURVEYING |
| 690 ## - LOCAL SUBJECT ADDED ENTRY--TOPICAL TERM (OCLC, RLIN) | |
| Topical term or geographic name as entry element | QUANTITY SURVEYING |
| 9 (RLIN) | 6263 |
| 942 ## - ADDED ENTRY ELEMENTS (KOHA) | |
| Suppress in OPAC | 0 |
| Withdrawn status | Lost status | Source of classification or shelving scheme | Damaged status | Not for loan | Home library | Current library | Shelving location | Date acquired | Total Checkouts | Full call number | Barcode | Date last seen | Copy number | Price effective from | Koha item type |
|---|---|---|---|---|---|---|---|---|---|---|---|---|---|---|---|
| Dewey Decimal Classification | London | London | Journal article | 19/04/2004 | ABS67768 | 125879-1001 | 06/08/2019 | 1 | 06/08/2019 | Journal article |